| 000 | 00739nam a22002172 4500 | ||
|---|---|---|---|
| 001 | 0000021320 | ||
| 005 | 20151217152229.0 | ||
| 008 | 120314s xx 000 0 eng d | ||
| 020 | _a8131705841 : | ||
| 040 |
_aKABU _cKABU |
||
| 100 | 1 |
_aBallou, Ronald H. _@0000182137 |
|
| 245 | 1 | 0 |
_aBusiness logistics/supply chain management : _bplanning, organizing, and controlling the supply chain / _cRonald H. Ballou, Samir K. Srivastava. |
| 250 | _a5th ed. | ||
| 260 |
_aNew Delhi : _bPearson, _c2007. |
||
| 300 |
_axx, 800 p. + _e1 CD-ROM. |
||
| 650 | 0 |
_aBusiness logistics. _@0000148287 |
|
| 700 | 1 |
_aSrivastava, Samir K. _@0000182138 |
|
| 852 | 1 | _9p4930 KES | |
| 908 | _a120314 | ||
| 950 | _@1 | ||
| 999 |
_c9636 _d9636 |
||